000 00969nam a2200277 a 4500
008 951212s1977||||[C 0 slo c
020 _c8 Kčs.
_q(6000 výtl.)
040 _aSNK
_bslo
_cSNK
_eAACR2
041 1 _aslo
_hrus
044 _axo
_cSK
080 _a947:323.27"1917"(04)
080 _a323.27"1917"(04)
080 _a323.27
080 _a947"1917"(04)
100 1 _aLENIN, Vladimir Iĺjič
_4aut
245 1 0 _aK výročiam Októbrovej revolúcie 1918-1922
_bPrejavy, referáty, články
_cVladimir Iĺjič LENIN ; Vladimir Iĺjič Lenin, Vladislav Chaloupka, Emil Bačík
250 _a1., vyd.
260 _aBratislava
_bPravda
_c1977
_eŽilina
_fPravda
300 _a125 s., 6,15 AH
_bTb.
_c21 cm
490 0 _aKnižnica marxizmu-leninizmu
500 _aLit. 33. 33 zázn. lit. o knihách a čl. v jaz. slov. a rus.
700 1 _aLenin, Vladimir Iĺjič
_4aut
700 1 _aChaloupka, Vladislav
_4[ADC]
700 1 _aBačík, Emil
_4bkd
958 _aA
999 _c15483
_d15483